[Event "Modra Slovakia op"]
[Site "Modra"]
[Date "2024.03.05"]
[Round "8"]
[White "Galla, Richard"]
[Black "Petrik, Matus"]
[Result "1-0"]
[WhiteElo "1975"]
[BlackElo "1812"]
[PlyCount "97"]
[EventDate "2024.03.01"]
[EventType "swiss"]
[EventRounds "9"]
[EventCountry "SVK"]
[SourceTitle "CB11_2024"]
[SourceDate "2024.03.13"]
[SourceVersion "1"]
[SourceVersionDate "2024.03.13"]
[SourceQuality "1"]

1. d4 Nf6 2. c4 c5 3. d5 e6 4. Nc3 exd5 5. cxd5 d6 6. e4 g6 7. f4 Nbd7 8. Nf3 Bg7 9. Bd3 0-0 10. 0-0 Re8 11. Re1 a6 12. a4 Qa5 13. Bd2 Qc7 14. Bf1 Rb8 15. Qc2 Nb6 16. h3 Bd7 17. g4 Kh8 18. a5 Nc8 19. Ng5 Rf8 20. e5 Ng8 21. e6 fxe6 22. dxe6 Bd4+ 23. Kh2 Bc6 24. Nce4 Nh6 25. Ng3 Ne7 26. Bg2 Nd5 27. Rf1 Ne3 28. Bxe3 Bxe3 29. Qc3+ Bd4 30. Qd2 Bxg2 31. Kxg2 Qg7 32. Rab1 b5 33. Ne2 Qb7+ 34. Kg3 Bg7 35. Nc3 d5 36. Qxd5 Bxc3 37. Qxb7 Rxb7 38. bxc3 Ng8 39. Rfe1 Ne7 40. Rbd1 Kg7 41. Rd6 b4 42. cxb4 Rxb4 43. Rd7 Re8 44. Ra7 h6 45. Ne4 Rb3+ 46. Kg2 Rb2+ 47. Kf3 Rb3+ 48. Re3 Rxe3+ 49. Kxe3 1-0

[Event "Modra Slovakia op"]
[Site "Modra"]
[Date "2024.03.03"]
[Round "4"]
[White "Galla, Richard"]
[Black "Loffay, Pavol"]
[Result "1-0"]
[WhiteElo "1975"]
[BlackElo "1753"]
[PlyCount "57"]
[EventDate "2024.03.01"]
[EventType "swiss"]
[EventRounds "9"]
[EventCountry "SVK"]
[SourceTitle "CB11_2024"]
[SourceDate "2024.03.13"]
[SourceVersion "1"]
[SourceVersionDate "2024.03.13"]
[SourceQuality "1"]

1. d4 f5 2. e4 fxe4 3. Nc3 Nf6 4. Bg5 e6 5. Nxe4 Be7 6. Bxf6 Bxf6 7. c3 b6 8. Bd3 Bb7 9. Qh5+ g6 10. Qf3 Bxe4 11. Qxe4 c6 12. Nf3 Qe7 13. 0-0-0 d5 14. Qe2 0-0 15. Rde1 Re8 16. h4 Nd7 17. h5 Qg7 18. hxg6 hxg6 19. g4 e5 20. g5 e4 21. gxf6 Nxf6 22. Ne5 exd3 23. Qxd3 Ne4 24. Rhg1 Re6 25. f3 Nc5 26. dxc5 Rxe5 27. Rxe5 Qxe5 28. Qxg6+ Kf8 29. Qg8+ 1-0

[Event "SVK-ch U20 rapid"]
[Site "Senec"]
[Date "2023.05.07"]
[Round "5"]
[White "Farkas, Dominik"]
[Black "Galla, Richard"]
[Result "0-1"]
[WhiteElo "1000"]
[BlackElo "1553"]
[PlyCount "112"]
[EventDate "2023.05.07"]
[EventType "rapid"]
[EventRounds "7"]
[EventCountry "SVK"]
[SourceTitle "EXT 2024"]
[Source "ChessBase"]
[SourceDate "2023.10.10"]
[SourceVersion "1"]
[SourceVersionDate "2023.10.10"]
[SourceQuality "1"]

1. d4 f5 2. c4 e6 3. Nf3 Nf6 4. Nc3 Bb4 5. Bf4 b6 6. h3 Bb7 7. e3 d6 8. Be2 Nbd7 9. 0-0 Bxc3 10. bxc3 Ne4 11. Qc2 h6 12. Ne1 0-0 13. f3 Nef6 14. Nd3 Qe8 15. Rad1 e5 16. Bh2 e4 17. fxe4 Bxe4 18. Bf3 Qg6 19. Bxe4 Nxe4 20. Nf2 Ndf6 21. c5 bxc5 22. dxc5 Nxc5 23. Rfe1 Nfe4 24. Nxe4 fxe4 25. Rf1 Qe6 26. c4 Rxf1+ 27. Rxf1 Nd3 28. Rd1 Rb8 29. Rxd3 exd3 30. Qxd3 Rb4 31. c5 Qc4 32. Qxc4+ Rxc4 33. cxd6 cxd6 34. Bxd6 Rc1+ 35. Kh2 Rc2 36. a3 a6 37. e4 Kf7 38. e5 g5 39. Kg3 h5 40. Kh2 Ke6 41. Kg3 Kf5 42. Kf3 g4+ 43. hxg4+ hxg4+ 44. Kg3 Rc3+ 45. Kf2 a5 46. g3 a4 47. Kg2 Rc2+ 48. Kf1 Rd2 49. Ke1 Rc2 50. Kf1 Rc6 51. Kf2 Ke4 52. Ke2 Rb6 53. Kd2 Kf3 54. Ke1 Kxg3 55. Kf1 Kf3 56. Kg1 g3 0-1

[Event "SVK-ch U20"]
[Site "Dudince"]
[Date "2023.04.19"]
[Round "5"]
[White "Galla, Richard"]
[Black "Sustek, Adam"]
[Result "0-1"]
[WhiteElo "1883"]
[BlackElo "1794"]
[PlyCount "82"]
[EventDate "2023.04.16"]
[EventType "tourn"]
[EventRounds "9"]
[EventCountry "SVK"]
[SourceTitle "CBM 213 Extra"]
[Source "ChessBase"]
[SourceDate "2023.05.31"]
[SourceVersion "1"]
[SourceVersionDate "2023.05.31"]
[SourceQuality "1"]

1. e4 g6 2. d4 d6 3. Be3 Nf6 4. f3 Bg7 5. Qd2 0-0 6. c4 c5 7. d5 Re8 8. h4 e6 9. Nc3 exd5 10. cxd5 a6 11. a4 Nbd7 12. g4 Ne5 13. Be2 Bd7 14. h5 b5 15. hxg6 fxg6 16. g5 Nh5 17. axb5 axb5 18. Rxa8 Qxa8 19. Kf2 b4 20. Nd1 Qa4 21. Rh4 Bb5 22. f4 Bxe2 23. Qxe2 Nc4 24. f5 Nxe3 25. Nxe3 Be5 26. Rxh5 gxh5 27. Qxh5 Bd4 28. f6 Qd7 29. Kf3 Bxe3 30. Kxe3 Qf7 31. Qxf7+ Kxf7 32. Nf3 h6 33. Kf4 hxg5+ 34. Kxg5 Rxe4 35. Kf5 Re2 36. Ng5+ Kf8 37. Ne6+ Ke8 38. b3 Rg2 39. Nc7+ Kf7 40. Nb5 Rf2+ 41. Ke4 Rxf6 0-1

[Event "SVK-ch U10"]
[Site "Tatralandia"]
[Date "2015.04.23"]
[Round "7"]
[White "Galla, Richard"]
[Black "Lovcican, Tomas"]
[Result "1/2-1/2"]
[WhiteElo "1313"]
[BlackElo "1207"]
[PlyCount "46"]
[EventDate "2015.04.18"]
[EventType "swiss"]
[EventRounds "9"]
[EventCountry "SVK"]
[SourceTitle "CBM 166 Extra"]
[Source "ChessBase"]
[SourceDate "2015.06.18"]
[SourceVersion "1"]
[SourceVersionDate "2015.06.18"]
[SourceQuality "1"]

1. e4 e5 2. Nf3 Nf6 3. Nxe5 d6 4. Nf3 Nxe4 5. Qe2 Qe7 6. d3 Nf6 7. h3 h6 8. Nc3 a6 9. Bf4 Nc6 10. d4 Bf5 11. Qxe7+ Bxe7 12. 0-0-0 0-0-0 13. Bc4 d5 14. Bb3 Bb4 15. Bd2 Bxc3 16. Bxc3 Ne4 17. Rhf1 Nxc3 18. bxc3 Rhe8 19. c4 Na5 20. Ba4 c6 21. c5 Nc4 22. Rfe1 Kc7 23. Bb3 b6 1/2-1/2

[Event "SVK-ch U10"]
[Site "Tatralandia"]
[Date "2015.04.21"]
[Round "5"]
[White "Galla, Richard"]
[Black "Kostolansky, Sebastian Lukas"]
[Result "0-1"]
[WhiteElo "1313"]
[BlackElo "1000"]
[PlyCount "96"]
[EventDate "2015.04.18"]
[EventType "swiss"]
[EventRounds "9"]
[EventCountry "SVK"]
[SourceTitle "CBM 166 Extra"]
[Source "ChessBase"]
[SourceDate "2015.06.18"]
[SourceVersion "1"]
[SourceVersionDate "2015.06.18"]
[SourceQuality "1"]

1. e4 d6 2. d4 Nf6 3. Nc3 c6 4. Be3 Nbd7 5. Nf3 Qc7 6. h3 b5 7. Bd3 b4 8. Ne2 c5 9. Ng3 g6 10. Qd2 c4 11. Be2 Rb8 12. c3 bxc3 13. Qxc3 Nb6 14. Nd2 d5 15. b3 Ba6 16. Rc1 Rc8 17. Qa5 Qb7 18. e5 Nfd7 19. 0-0 Bg7 20. Rc2 0-0 21. Rfc1 Rc7 22. Bf4 e6 23. bxc4 Bxc4 24. Nxc4 Nxc4 25. Bxc4 Rxc4 26. Rxc4 dxc4 27. Rxc4 Nb6 28. Rb4 Qe7 29. Be3 Rc8 30. Ne4 Nd5 31. Ra4 Rc7 32. Bg5 Qd7 33. Nc5 Qc6 34. Qa6 Qa8 35. Kh2 h6 36. Bd2 Ne7 37. Ba5 Rc6 38. Qb7 Qxb7 39. Nxb7 Nf5 40. g4 Ne7 41. Nc5 Nd5 42. Bd2 Rc7 43. Ne4 g5 44. Ra3 Bf8 45. Rf3 Rc4 46. Nf6+ Nxf6 47. Rxf6 Rxd4 48. Rf3 Rxd2 0-1

[Event "SVK-ch U10"]
[Site "Tatralandia"]
[Date "2015.04.18"]
[Round "1"]
[White "Kuna, Patrik"]
[Black "Galla, Richard"]
[Result "1/2-1/2"]
[WhiteElo "1000"]
[BlackElo "1313"]
[PlyCount "79"]
[EventDate "2015.04.18"]
[EventType "swiss"]
[EventRounds "9"]
[EventCountry "SVK"]
[SourceTitle "CBM 166 Extra"]
[Source "ChessBase"]
[SourceDate "2015.06.18"]
[SourceVersion "1"]
[SourceVersionDate "2015.06.18"]
[SourceQuality "1"]

1. e4 e5 2. Nf3 Nc6 3. Bc4 Nf6 4. Nc3 d6 5. d3 Bg4 6. Bg5 Nd4 7. Nd5 Be7 8. Bxf6 Bxf6 9. Nxf6+ Qxf6 10. 0-0 Nxf3+ 11. Kh1 c6 12. h3 Nh2 13. hxg4 Nxf1 14. Qxf1 Qh4+ 15. Kg1 Qxg4 16. b4 b5 17. Bb3 0-0 18. c4 bxc4 19. Bxc4 Kh8 20. a4 Rab8 21. b5 c5 22. a5 f5 23. Qe1 Rf6 24. b6 axb6 25. axb6 h6 26. Qb1 Rg6 27. g3 f4 28. Kf1 fxg3 29. fxg3 Qf3+ 30. Ke1 Qxg3+ 31. Kd2 Qf2+ 32. Kc3 Qd4+ 33. Kb3 Rxb6+ 34. Kc2 Rxb1 35. Ra8+ Kh7 36. Bg8+ Kh8 37. Ba2+ Kh7 38. Bg8+ Kh8 39. Ba2+ Kh7 40. Bg8+ 1/2-1/2